| Tag |
First Indicator |
Second Indicator |
Subfields |
| LEADER |
00000cam a2200000Ia 4500 |
| 001 |
in00000628367 |
| 005 |
20151015061939.0 |
| 008 |
810216s1951 enka b 001 0 eng d |
| 015 |
|
|
|a GB52-1849
|
| 029 |
1 |
|
|a UKM
|b b5201849
|
| 035 |
|
|
|a (OCoLC)ocm07129409
|
| 035 |
|
|
|a (OCoLC)07129409
|
| 035 |
|
|
|9 ACV7625AM
|
| 040 |
|
|
|a TXA
|c TXA
|d UKM
|d FTU
|d OCL
|d UtOrBLW
|
| 049 |
|
|
|a TXAM
|c [373949]
|
| 090 |
|
|
|a TA749
|b .J64 1951
|
| 092 |
|
|
|a 624.16
|b J74e
|
| 110 |
2 |
|
|a Civil Engineering Codes of Practice Joint Committee.
|
| 245 |
1 |
0 |
|a Earth retaining structures /
|c Civil Engineering Codes of Practice Joint Committee.
|
| 264 |
|
1 |
|a London :
|b Issued on behalf of the Committee by the Institution of Structural Engineers,
|c [1951?]
|
| 300 |
|
|
|a 224 pages :
|b illustrations ;
|c 22 cm.
|
| 336 |
|
|
|a text
|b txt
|2 rdacontent
|
| 337 |
|
|
|a unmediated
|b n
|2 rdamedia
|
| 338 |
|
|
|a volume
|b nc
|2 rdacarrier
|
| 490 |
1 |
|
|a Civil engineering code of practice ;
|v no. 2 (1951)
|
| 504 |
|
|
|a Includes bibliographical references (pages 208-211) and index.
|
| 650 |
|
0 |
|a Retaining walls
|x Design and construction
|v Handbooks, manuals, etc.
|
| 650 |
|
0 |
|a Slopes (Soil mechanics)
|
| 650 |
|
0 |
|a Soil stabilization
|v Handbooks, manuals, etc.
|
| 650 |
|
0 |
|a Structural engineering
|v Handbooks, manuals, etc.
|
| 830 |
|
0 |
|a Civil engineering code of practice ;
|v no. 2 (1951)
|
| 994 |
|
|
|a E0
|b TXA
|
| 999 |
|
|
|a MARS
|
| 999 |
f |
f |
|s dcdddfe3-dc45-3249-92d3-03eb0ae1107c
|i da210128-ab77-3310-b2dd-51b58fd9b355
|t 0
|
| 952 |
f |
f |
|p ric
|a Texas A&M University
|b Rellis Campus
|c Joint Library Facility
|d Remote Storage
|t 0
|e TA749 .J64 1951
|h Library of Congress classification
|i unmediated -- volume
|m A14801045173
|
| 998 |
f |
f |
|a TA749 .J64 1951
|t 0
|l Remote Storage
|